| 000 | 00411 a2200145 4500 | ||
|---|---|---|---|
| 999 |
_c3113 _d3113 |
||
| 020 | _an/a | ||
| 050 | _aKF379 SHU 1963 | ||
| 100 |
_aShuman I, Samuel _eauthor |
||
| 245 |
_aLegal positivism : _bits scope and limitations / _cSamuel I, Shuman |
||
| 264 |
_aDetroit : _bWayne state university press. _c1963 |
||
| 300 | _a265p.: | ||
| 500 | _aIncludes index | ||
| 650 | _alegal theory | ||
| 942 |
_2lcc _cBK _h379 _iSHU _kKF |
||